El Templo romano de Barcelona / Joan Bassegoda Nonell
Descripción Física:
178 p. : il., negre i col. ; 27 cm
MARC
| LEADER | 00000nam a2200000Ia 4500 | ||
|---|---|---|---|
| 001 | 962 | ||
| 008 | 160829s1974 xx 000 0 cat d | ||
| 080 | |a B-1-326 | ||
| 100 | |a Bassegoda i Nonell, Joan |9 23085 | ||
| 245 | |a El Templo romano de Barcelona / Joan Bassegoda Nonell | ||
| 260 | |a [Barcelona] : |b Real Academia de Bellas Artes de San Jorge, |c 1974 | ||
| 300 | |a 178 p. : |b il., negre i col. ; |c 27 cm | ||
| 650 | |a Temple Romà (Barcelona) |9 23086 | ||
| 650 | |a Arquitectura romana |x Barcelona |9 23087 | ||
| 710 | 2 | |a Reial Acadèmia Catalana de Belles Arts de Sant Jordi |9 54759 | |
| 901 | |a Arxiu | ||
| 942 | |n 1 | ||
| 952 | |0 0 |1 0 |4 0 |6 B1326 |7 1 |9 42530 |a Arxiu |b Arxiu |d 2016-12-01 |l 0 |o B-1-326 |p 962 |r 2016-12-01 00:00:00 |w 2016-12-01 |y ARXIU | ||
| 999 | |c 45035 |d 45035 | ||